[Event "WchT Blitz Final"]
[Site "London"]
[Date "2025.06.15"]
[Round "1.1"]
[White "Shogdzhiev, Roman Sav"]
[Black "Esipenko, Andrey"]
[Result "0-1"]
[WhiteElo "2402"]
[BlackElo "2689"]
[PlyCount "179"]
[EventDate "2025.06.15"]
[EventType "team-k.o. (blitz)"]
[EventRounds "4"]
[EventCountry "ENG"]
[SourceTitle "CB25_2025"]
[SourceDate "2025.06.18"]
[SourceVersion "1"]
[SourceVersionDate "2025.06.18"]
[SourceQuality "1"]
[WhiteTeam "Rookies"]
[BlackTeam "KazChess"]
[WhiteTeamCountry "KAZ"]
[BlackTeamCountry "KAZ"]

1. e4 e5 2. Nf3 Nc6 3. Bc4 Nf6 4. d3 Be7 5. 0-0 0-0 6. Re1 d6 7. a4 a5 8. c3 Be6 9. Bxe6 fxe6 10. Qb3 Qd7 11. Nbd2 h6 12. h3 b6 13. Qb5 Rf7 14. Nf1 Raf8 15. Ng3 Na7 16. Qxd7 Nxd7 17. Be3 Nc6 18. Rac1 Nc5 19. Bxc5 bxc5 20. Rc2 g5 21. Nf1 h5 22. Ne3 Kh7 23. Nh2 Kg6 24. f3 Rb8 25. Nhf1 Rb7 26. Nd2 Rf8 27. Ndc4 Rfb8 28. Ree2 Bf6 29. g3 Kf7 30. Kg2 Ke7 31. Rf2 Kd7 32. Kf1 Ra7 33. f4 gxf4 34. gxf4 Bh4 35. Rf3 Rf8 36. f5 Raa8 37. Rg2 Ne7 38. Rg7 Bf6 39. Rh7 Rh8 40. Rf7 Rh6 41. Rg3 Rah8 42. Rg6 Rxg6 43. fxg6 Bg5 44. Ke2 Rg8 45. g7 Bh6 46. Nxa5 Bxg7 47. Rf2 Bh6 48. Nac4 Bf4 49. a5 d5 50. Nd2 Ra8 51. b4 cxb4 52. cxb4 Nc6 53. exd5 Nd4+ 54. Kd1 Bxe3 55. Rf7+ Ke8 56. Rh7 Ra6 57. Nc4 Bf4 58. dxe6 Rxe6 59. Rxc7 Rg6 60. Ke1 Rg2 61. Kf1 Ra2 62. Nd6+ Kf8 63. Ne4 Be3 64. Rc8+ Ke7 65. Rc7+ Ke6 66. Rh7 Nf3 67. Rxh5 Nh2+ 68. Ke1 Nf3+ 69. Kf1 Rb2 70. a6 Nh2+ 71. Ke1 Nf3+ 72. Kf1 Nh2+ 73. Ke1 Rxb4 74. Rh7 Ra4 75. Rh6+ Kf7 76. Rc6 Ra1+ 77. Ke2 Bd4 78. Nd6+ Ke6 79. Nb5+ Kd5 80. Rh6 Ra2+ 81. Kd1 Nf3 82. Nc7+ Kc5 83. Ne6+ Kb4 84. Nxd4 exd4 85. Rf6 Ne5 86. Rd6 Kc5 87. Re6 Nxd3 88. h4 Nf2+ 89. Kc1 d3 90. Kb1 0-1

[Event "WchT Blitz Pool D"]
[Site "London"]
[Date "2025.06.14"]
[Round "9.2"]
[White "Esipenko, Andrey"]
[Black "Frank, Anton"]
[Result "1-0"]
[WhiteElo "2689"]
[BlackElo "2183"]
[PlyCount "57"]
[EventDate "2025.06.14"]
[EventType "team-tourn"]
[EventRounds "13"]
[EventCountry "ENG"]
[SourceTitle "CB25_2025"]
[SourceDate "2025.06.18"]
[SourceVersion "1"]
[SourceVersionDate "2025.06.18"]
[SourceQuality "1"]
[WhiteTeam "KazChess"]
[BlackTeam "Uppsala SSS"]
[WhiteTeamCountry "KAZ"]
[BlackTeamCountry "SWE"]

1. d4 Nf6 2. Nf3 d5 3. g3 c5 4. Bg2 cxd4 5. 0-0 h6 6. Bf4 g6 7. Nxd4 Bg7 8. Nc3 0-0 9. Ndb5 Na6 10. Nxd5 Nxd5 11. Bxd5 g5 12. Be3 Bxb2 13. Rb1 Bg7 14. c4 Nc7 15. Bxf7+ Kxf7 16. Qxd8 Rxd8 17. Nxc7 Bh3 18. Nxa8 Bxf1 19. Kxf1 Rxa8 20. Rxb7 a5 21. a4 Rc8 22. Rb5 Rxc4 23. Rxa5 Rc2 24. Ra8 Ra2 25. a5 Ra1+ 26. Kg2 Ra2 27. a6 Rxe2 28. a7 Ra2 29. Rc8 1-0

[Event "WchT Blitz Pool D"]
[Site "London"]
[Date "2025.06.14"]
[Round "6.3"]
[White "Esipenko, Andrey"]
[Black "Schneider Sanchez, Carlos Domingo"]
[Result "1-0"]
[WhiteElo "2689"]
[BlackElo "2003"]
[PlyCount "55"]
[EventDate "2025.06.14"]
[EventType "team-tourn"]
[EventRounds "13"]
[EventCountry "ENG"]
[SourceTitle "CB25_2025"]
[SourceDate "2025.06.18"]
[SourceVersion "1"]
[SourceVersionDate "2025.06.18"]
[SourceQuality "1"]
[WhiteTeam "KazChess"]
[BlackTeam "Rey Ahogado"]
[WhiteTeamCountry "KAZ"]
[BlackTeamCountry "ESP"]

1. d4 d5 2. Nf3 e6 3. Bf4 Nf6 4. e3 Bd6 5. Bg3 b6 6. Nbd2 0-0 7. c3 h6 8. Bd3 Ba6 9. Bxa6 Nxa6 10. Ne5 c5 11. Qe2 Nc7 12. 0-0 Qe7 13. Bh4 Rfd8 14. Nc6 Qd7 15. Nxd8 Rxd8 16. e4 Be7 17. e5 Nh7 18. Bxe7 Qxe7 19. f4 g6 20. g4 a6 21. Kh1 cxd4 22. cxd4 Nb5 23. Nf3 Rc8 24. a4 Nc7 25. Rac1 Qd7 26. b3 Nf8 27. Qd2 b5 28. f5 1-0

[Event "WchT Blitz Pool D"]
[Site "London"]
[Date "2025.06.14"]
[Round "11.3"]
[White "Pranav, V."]
[Black "Esipenko, Andrey"]
[Result "1-0"]
[WhiteElo "2595"]
[BlackElo "2689"]
[PlyCount "127"]
[EventDate "2025.06.14"]
[EventType "team-tourn"]
[EventRounds "13"]
[EventCountry "ENG"]
[SourceTitle "CB25_2025"]
[SourceDate "2025.06.18"]
[SourceVersion "1"]
[SourceVersionDate "2025.06.18"]
[SourceQuality "1"]
[WhiteTeam "Team MGD1"]
[BlackTeam "KazChess"]
[WhiteTeamCountry "IND"]
[BlackTeamCountry "KAZ"]

1. e4 e5 2. Nf3 Nf6 3. Nc3 Nc6 4. Bb5 Nd4 5. 0-0 c6 6. Bd3 Nxf3+ 7. Qxf3 d6 8. Be2 Bg4 9. Qe3 Qb6 10. Qd3 h5 11. h3 Be6 12. Qf3 Be7 13. d3 h4 14. a4 a5 15. Rb1 d5 16. exd5 Nxd5 17. Ne4 Qd8 18. Re1 Qd7 19. Bf1 f6 20. c3 Rd8 21. d4 exd4 22. cxd4 0-0 23. Bd2 Nb4 24. Bc3 Qd5 25. Qf4 g5 26. Qf3 Rde8 27. b3 Qf5 28. Qd1 Bd5 29. Nd2 Kg7 30. Nc4 Qc2 31. Qxc2 Nxc2 32. Red1 Bb4 33. Bxb4 axb4 34. Rbc1 Na3 35. Nxa3 bxa3 36. Ra1 Rd8 37. Rxa3 Rd7 38. b4 Rfd8 39. a5 Bf7 40. Rad3 Bg6 41. R3d2 Be4 42. Bc4 Bd5 43. Be2 Be4 44. f3 Bd5 45. Kf2 Kf7 46. b5 cxb5 47. Bxb5 Rc7 48. Be2 Rc3 49. Ra1 Rd7 50. Rb2 Be6 51. Rd1 Ra3 52. Rb5 Ra2 53. Rc5 Bb3 54. Re1 Rxd4 55. Rc7+ Kg6 56. Rxb7 Ra3 57. a6 Rd2 58. Kg1 Bd5 59. Rd7 Raa2 60. Bf1 Bc6 61. Rxd2 Rxd2 62. Rc1 Rd6 63. a7 Bd5 64. Rd1 1-0

[Event "WchT Rapid"]
[Site "London"]
[Date "2025.06.13"]
[Round "10.3"]
[White "Esipenko, Andrey"]
[Black "Shabalov, Alexander"]
[Result "1-0"]
[WhiteElo "2651"]
[BlackElo "2526"]
[PlyCount "31"]
[EventDate "2025.06.11"]
[EventType "team-swiss"]
[EventRounds "12"]
[EventCountry "ENG"]
[SourceTitle "CB25_2025"]
[SourceDate "2025.06.18"]
[SourceVersion "1"]
[SourceVersionDate "2025.06.18"]
[SourceQuality "1"]
[WhiteTeam "KazChess"]
[BlackTeam "Global Ramblers"]
[WhiteTeamCountry "KAZ"]
[BlackTeamCountry "UKR"]

1. d4 d5 2. Nf3 Nf6 3. g3 e6 4. Bg2 b6 5. c4 Bb7 6. cxd5 exd5 7. 0-0 Bd6 8. Nc3 c6 9. Nh4 0-0 10. Nf5 Bc7 11. Bg5 h6 12. Bh4 Bc8 13. Nxh6+ Kh7 14. Qc1 gxh6 15. e4 dxe4 16. Nxe4 1-0

[Event "WchT Rapid"]
[Site "London"]
[Date "2025.06.11"]
[Round "1.2"]
[White "Esipenko, Andrey"]
[Black "Ahmad, Khagan"]
[Result "1/2-1/2"]
[WhiteElo "2651"]
[BlackElo "2301"]
[PlyCount "167"]
[EventDate "2025.06.11"]
[EventType "team-swiss"]
[EventRounds "12"]
[EventCountry "ENG"]
[SourceTitle "CB25_2025"]
[SourceDate "2025.06.18"]
[SourceVersion "1"]
[SourceVersionDate "2025.06.18"]
[SourceQuality "1"]
[WhiteTeam "KazChess"]
[BlackTeam "Turkish Airlines Sports"]
[WhiteTeamCountry "KAZ"]
[BlackTeamCountry "TUR"]

1. d4 Nf6 2. Nf3 d5 3. g3 Bf5 4. c4 c6 5. Nc3 e6 6. Nh4 Bg4 7. Qb3 Qb6 8. c5 Qc7 9. f3 Bh5 10. Bf4 Qc8 11. g4 Bg6 12. e4 Be7 13. Bg3 b6 14. Nxg6 hxg6 15. cxb6 axb6 16. Qxb6 0-0 17. Be2 c5 18. dxc5 Bxc5 19. Qc7 Na6 20. Bxa6 Rxa6 21. exd5 Nxd5 22. Nxd5 exd5 23. Qxc8 Rxc8 24. Kd2 Bd4 25. Rhb1 Rb6 26. a4 Bxb2 27. Kd1 Rb4 28. Ra2 Rd4+ 29. Ke2 Rc2+ 30. Kf1 Rb4 31. a5 Bc3 32. Rba1 Rb1+ 33. Rxb1 Rxa2 34. Rb8+ Kh7 35. Rb7 d4 36. Rd7 Rxa5 37. Ke2 f6 38. Kd3 Ra2 39. g5 Kg8 40. Rd8+ Kf7 41. Rd7+ Kf8 42. Bd6+ Kg8 43. gxf6 gxf6 44. Bc5 Rd2+ 45. Kc4 Rxh2 46. Bxd4 Bxd4 47. Rxd4 Rf2 48. Rd3 Kf7 49. Kd4 Re2 50. Ra3 Ke6 51. Ra5 g5 52. Kd3 Re5 53. Ra6+ Kf5 54. Kd2 Re6 55. Ra4 Kg6 56. Ra8 Re7 57. Ra6 Kf7 58. Rb6 Re6 59. Rb7+ Kg6 60. Rb8 f5 61. Rg8+ Kh6 62. Rh8+ Kg7 63. Rh1 Kg6 64. Rg1 Re7 65. Rg2 Kf6 66. Rg1 f4 67. Re1 Rxe1 68. Kxe1 Ke5 69. Ke2 Kd4 70. Kd2 Kc4 71. Kc2 Kc5 72. Kc1 Kd5 73. Kd1 Ke6 74. Ke2 Kf6 75. Kf1 Kf7 76. Kf2 Kg6 77. Kg1 Kg7 78. Kg2 Kf7 79. Kf1 Ke7 80. Ke1 Kd7 81. Kd1 Kc6 82. Kc2 Kc5 83. Kc1 Kb4 84. Kd2 1/2-1/2

[Event "WchT Rapid"]
[Site "London"]
[Date "2025.06.11"]
[Round "4.3"]
[White "Esipenko, Andrey"]
[Black "Munkhzul, Turmunkh"]
[Result "1-0"]
[WhiteElo "2651"]
[BlackElo "2357"]
[PlyCount "81"]
[EventDate "2025.06.11"]
[EventType "team-swiss"]
[EventRounds "12"]
[EventCountry "ENG"]
[SourceTitle "CB25_2025"]
[SourceDate "2025.06.18"]
[SourceVersion "1"]
[SourceVersionDate "2025.06.18"]
[SourceQuality "1"]
[WhiteTeam "KazChess"]
[BlackTeam "Mongolia"]
[WhiteTeamCountry "KAZ"]
[BlackTeamCountry "MGL"]

1. d4 Nf6 2. Nf3 d5 3. g3 e6 4. Bg2 Be7 5. 0-0 0-0 6. Bf4 c5 7. dxc5 Bxc5 8. c4 Nc6 9. Nc3 dxc4 10. Qa4 Qe7 11. Qxc4 e5 12. Bg5 Be6 13. Qa4 h6 14. Bh4 Bb6 15. Ne4 Bf5 16. Nxf6+ gxf6 17. Nd2 Nd4 18. e3 Bc2 19. b3 Nf5 20. Qg4+ Ng7 21. Be4 Rfd8 22. Bxc2 Rxd2 23. Qe4 Rxc2 24. Qxc2 Qe6 25. Qe4 f5 26. Qxb7 Re8 27. Qf3 e4 28. Qe2 Qg6 29. Kh1 Ne6 30. b4 Nf8 31. Rad1 Qe6 32. Qh5 Kg7 33. a4 Ng6 34. Rc1 a6 35. a5 Ba7 36. Rc7 Bb8 37. Rb7 Be5 38. Rb6 Qc8 39. Kg2 Bc7 40. Bf6+ Kh7 41. Bg5 1-0

[Event "Chess.com Classic Play In"]
[Site "Chess.com INT"]
[Date "2025.05.19"]
[Round "9"]
[White "Pakleza, Zbigniew"]
[Black "Esipenko, Andrey"]
[Result "0-1"]
[WhiteElo "2484"]
[BlackElo "2695"]
[PlyCount "100"]
[EventDate "2025.05.19"]
[EventType "swiss (blitz)"]
[EventRounds "9"]
[EventCountry "USA"]
[SourceTitle "CB21_2025"]
[SourceDate "2025.05.21"]
[SourceVersion "1"]
[SourceVersionDate "2025.05.21"]
[SourceQuality "1"]

1. d4 Nf6 2. Nf3 e6 3. Bf4 h6 4. e3 Nh5 5. Bg3 Be7 6. Nbd2 d6 7. c3 Nd7 8. Be2 b6 9. Ne5 Nxe5 10. Bxh5 Ng6 11. Bf3 d5 12. e4 0-0 13. 0-0 Nh4 14. Bxh4 Bxh4 15. exd5 exd5 16. Re1 c6 17. Nf1 Bf6 18. Ne3 g6 19. Ng4 Bxg4 20. Bxg4 c5 21. Bf3 cxd4 22. cxd4 Qd6 23. Qb3 Rfd8 24. Rad1 Rac8 25. g3 Kg7 26. Rd3 Rc4 27. Red1 a6 28. Kg2 b5 29. h4 h5 30. R3d2 Rd7 31. Be2 Rc8 32. Rc2 Rdc7 33. Rxc7 Rxc7 34. Bf3 Rc4 35. Qe3 Qe6 36. Rd2 Qf5 37. Qd3 Qxd3 38. Rxd3 Rc2 39. Bxd5 Rxb2 40. Kf3 a5 41. Ke3 a4 42. f4 b4 43. Rd1 Rc2 44. Rd3 Kf8 45. Kf3 b3 46. axb3 a3 47. b4 a2 48. Ra3 Rc3+ 49. Rxc3 a1Q 50. Rc7 Qh1+ 0-1

[Event "RUS-chT2"]
[Site "Sochi"]
[Date "2025.05.02"]
[Round "6.1"]
[White "Esipenko, Andrey"]
[Black "Rychkov, Oleg"]
[Result "1-0"]
[WhiteElo "2696"]
[BlackElo "2379"]
[PlyCount "73"]
[EventDate "2025.04.26"]
[EventType "team-swiss"]
[EventRounds "9"]
[EventCountry "RUS"]
[SourceTitle "CB19_2025"]
[SourceDate "2025.05.07"]
[SourceVersion "1"]
[SourceVersionDate "2025.05.07"]
[SourceQuality "1"]
[WhiteTeam "Moscow Tauer"]
[BlackTeam "Sutormina Center"]
[WhiteTeamCountry "RUS"]
[BlackTeamCountry "RUS"]

1. e4 e5 2. Nf3 Nc6 3. Bb5 a6 4. Ba4 Nf6 5. d3 d6 6. c3 g6 7. 0-0 Bg7 8. Re1 0-0 9. h3 h6 10. Be3 Nd7 11. d4 exd4 12. cxd4 b5 13. Bc2 Nb4 14. Bb3 c5 15. Qd2 Kh7 16. Bf4 Qb6 17. a3 Nc6 18. dxc5 dxc5 19. Nc3 Nde5 20. Nxe5 Nxe5 21. Nd5 Qb7 22. Qc3 Nd7 23. e5 c4 24. Bc2 Nb6 25. Nf6+ Bxf6 26. exf6 Nd5 27. Qd2 Nxf6 28. Bxh6 Re8 29. Rxe8 Nxe8 30. Re1 Bf5 31. Bf8 Ng7 32. Bxg7 Kxg7 33. Bxf5 gxf5 34. Qg5+ Kh7 35. Qxf5+ Kg7 36. Qg5+ Kh7 37. Re7 1-0

[Event "Titled Tuesday intern op 01st Apr Early"]
[Site "Chess.com INT"]
[Date "2025.04.01"]
[Round "3"]
[White "Esipenko, Andrey"]
[Black "Beerdsen, Thomas"]
[Result "1-0"]
[WhiteElo "2691"]
[BlackElo "2510"]
[PlyCount "69"]
[EventDate "2025.04.01"]
[EventType "swiss (blitz)"]
[EventRounds "11"]
[EventCountry "USA"]
[SourceTitle "CB15_2025"]
[SourceDate "2025.04.09"]
[SourceVersion "1"]
[SourceVersionDate "2025.04.09"]
[SourceQuality "1"]

1. d4 d5 2. c4 Nc6 3. cxd5 Qxd5 4. e3 e5 5. Nc3 Bb4 6. a3 Bxc3+ 7. bxc3 Qd6 8. Ne2 h5 9. h4 Bg4 10. f3 Bd7 11. Kf2 0-0-0 12. Ng3 f5 13. Rb1 Nf6 14. Qb3 b6 15. Ba6+ Kb8 16. Rd1 g5 17. hxg5 h4 18. Ne2 Nh5 19. dxe5 Qxe5 20. Qf7 Ne7 21. c4 f4 22. exf4 Qc5+ 23. Be3 Qxa3 24. Ra1 Qb4 25. Rdb1 Qd6 26. c5 Qe6 27. cxb6 cxb6 28. Qxe6 Bxe6 29. Bxb6 axb6 30. Rxb6+ Kc7 31. Rxe6 Nd5 32. Rc1+ Kb8 33. Rb1+ Ka7 34. Bc4 Nc7 35. Re3 1-0

[Event "Titled Tuesday intern op 01st Apr Early"]
[Site "Chess.com INT"]
[Date "2025.04.01"]
[Round "2"]
[White "Jia, Haoxiang"]
[Black "Esipenko, Andrey"]
[Result "0-1"]
[WhiteElo "2316"]
[BlackElo "2691"]
[PlyCount "112"]
[EventDate "2025.04.01"]
[EventType "swiss (blitz)"]
[EventRounds "11"]
[EventCountry "USA"]
[SourceTitle "CB15_2025"]
[SourceDate "2025.04.09"]
[SourceVersion "1"]
[SourceVersionDate "2025.04.09"]
[SourceQuality "1"]

1. d4 Nf6 2. Bf4 b6 3. e3 Bb7 4. Nf3 d6 5. Nbd2 Nbd7 6. a4 a6 7. a5 b5 8. c4 bxc4 9. Bxc4 e6 10. 0-0 Be7 11. Be2 0-0 12. b4 Nd5 13. Bg3 Nxb4 14. Rb1 c5 15. dxc5 dxc5 16. Nc4 Bd5 17. Qa4 Qc8 18. Nfd2 Rd8 19. Rfc1 Qb7 20. f3 Bc6 21. Qa3 Bb5 22. Bf1 Nf6 23. e4 Nh5 24. Bf2 Nf4 25. Rb3 Rab8 26. g3 Ng6 27. Qb2 h5 28. h4 Bf6 29. e5 Be7 30. Ne4 Qc7 31. Ncd6 Bxf1 32. Rxc5 Qd7 33. Kxf1 Nd3 34. Rxb8 Nxb2 35. Rxb2 Qa4 36. Kg2 Qa3 37. Rb7 Bxh4 38. Rc3 Qa2 39. gxh4 Nf4+ 40. Kf1 Qe2+ 41. Kg1 Qd1+ 42. Kh2 Qf1 43. Kg3 Ne2+ 44. Kh2 Nxc3 45. Rb2 Nxe4 46. Nxe4 Qd1 47. Kg3 Qd5 48. Re2 Qxe5+ 49. f4 Qxa5 50. Ng5 Qa3+ 51. Re3 Qe7 52. Kg2 Qf6 53. Ne4 Qf5 54. Bg3 Rd4 55. Nf2 Qd5+ 56. Kh2 Rd2 0-1

[Event "Titled Tuesday intern op 01st Apr Early"]
[Site "Chess.com INT"]
[Date "2025.04.01"]
[Round "9"]
[White "Sarana, Alexey"]
[Black "Esipenko, Andrey"]
[Result "1-0"]
[WhiteElo "2689"]
[BlackElo "2691"]
[PlyCount "57"]
[EventDate "2025.04.01"]
[EventType "swiss (blitz)"]
[EventRounds "11"]
[EventCountry "USA"]
[SourceTitle "CB15_2025"]
[SourceDate "2025.04.09"]
[SourceVersion "1"]
[SourceVersionDate "2025.04.09"]
[SourceQuality "1"]

1. d4 Nf6 2. c4 e6 3. Nc3 Bb4 4. e3 0-0 5. Bd3 d5 6. a3 dxc4 7. Bxc4 Be7 8. Nf3 c5 9. 0-0 a6 10. e4 b5 11. Ba2 Bb7 12. e5 Ne4 13. Nxe4 Bxe4 14. Re1 Bd5 15. dxc5 Bxa2 16. Rxa2 Qxd1 17. Rxd1 a5 18. Be3 Rc8 19. b3 Na6 20. Rc2 Rc7 21. c6 Bxa3 22. Bb6 Rcc8 23. c7 Be7 24. Bxa5 Nc5 25. b4 Nb3 26. Bb6 g6 27. Rc3 Na1 28. Nd4 Bxb4 29. Rcd3 1-0

[Event "Titled Tuesday intern op 25th Mar Early"]
[Site "Chess.com INT"]
[Date "2025.03.25"]
[Round "2"]
[White "Esipenko, Andrey"]
[Black "Aarav, A."]
[Result "1-0"]
[WhiteElo "2691"]
[BlackElo "2243"]
[PlyCount "125"]
[EventDate "2025.03.25"]
[EventType "swiss (blitz)"]
[EventRounds "11"]
[EventCountry "USA"]
[SourceTitle "CB14_2025"]
[SourceDate "2024.11.01"]
[SourceVersion "1"]
[SourceVersionDate "2024.11.01"]
[SourceQuality "1"]

1. e4 c5 2. Nf3 Nc6 3. Bb5 g6 4. Bxc6 dxc6 5. 0-0 Bg7 6. d3 Nf6 7. h3 0-0 8. Nc3 Ne8 9. Be3 b6 10. a4 a5 11. Bf4 Nc7 12. Qd2 Re8 13. Bh6 Bxh6 14. Qxh6 e5 15. Ng5 Qf6 16. Qxh7+ Kf8 17. f4 exf4 18. Qh6+ Qg7 19. Nh7+ Kg8 20. Qxf4 Ne6 21. Nf6+ Kf8 22. Nxe8 Qd4+ 23. Qf2 Qxf2+ 24. Rxf2 Kxe8 25. e5 Nd4 26. Ne4 Be6 27. Raf1 Ke7 28. Ng5 Rf8 29. c3 Nf5 30. g4 Ne3 31. Re1 Nd5 32. Kh2 Rh8 33. Kg3 b5 34. Ra1 b4 35. c4 Nb6 36. Raf1 Rd8 37. Rf3 Nxa4 38. Nxf7 Bxf7 39. Rxf7+ Ke6 40. Ra7 Nxb2 41. Rxa5 Nxd3 42. Ra6 Kxe5 43. Rxc6 Kd4 44. Rxg6 b3 45. h4 b2 46. h5 Kc3 47. h6 Rb8 48. h7 Rh8 49. Rg7 Nc1 50. Rb7 Rxh7 51. Rf3+ Nd3 52. Rxb2 Kxb2 53. Rxd3 Kc2 54. Rf3 Rd7 55. g5 Rd1 56. Kf4 Rd4+ 57. Kf5 Rxc4 58. g6 Rb4 59. g7 Rb8 60. Ke6 c4 61. Rf8 Rb6+ 62. Kf5 Rb5+ 63. Kf4 1-0

[Event "Titled Tuesday intern op 25th Mar Early"]
[Site "Chess.com INT"]
[Date "2025.03.25"]
[Round "1"]
[White "Punin, Andrii"]
[Black "Esipenko, Andrey"]
[Result "0-1"]
[WhiteElo "2289"]
[BlackElo "2691"]
[PlyCount "34"]
[EventDate "2025.03.25"]
[EventType "swiss (blitz)"]
[EventRounds "11"]
[EventCountry "USA"]
[SourceTitle "CB14_2025"]
[SourceDate "2024.11.01"]
[SourceVersion "1"]
[SourceVersionDate "2024.11.01"]
[SourceQuality "1"]

1. e4 c6 2. Nc3 d5 3. Nf3 Bg4 4. h3 Bxf3 5. Qxf3 e6 6. Be2 Bc5 7. 0-0 Ne7 8. exd5 cxd5 9. Bb5+ Nbc6 10. Ne2 0-0 11. c3 d4 12. cxd4 Bxd4 13. Rb1 Rc8 14. Bxc6 Nxc6 15. Nxd4 Nxd4 16. Qxb7 Ne2+ 17. Kh1 Qd3 0-1

[Event "Titled Tuesday intern op 11th Mar Late"]
[Site "Chess.com INT"]
[Date "2025.03.11"]
[Round "2"]
[White "Esipenko, Andrey"]
[Black "Annaberdiev, Meilis"]
[Result "1-0"]
[WhiteElo "2691"]
[BlackElo "2449"]
[PlyCount "73"]
[EventDate "2025.03.11"]
[EventType "swiss (blitz)"]
[EventRounds "11"]
[EventCountry "USA"]
[SourceTitle "CB12_2025"]
[SourceDate "2025.03.19"]
[SourceVersion "1"]
[SourceVersionDate "2025.03.19"]
[SourceQuality "1"]

1. e4 c5 2. Nf3 d6 3. Bb5+ Bd7 4. c4 Nf6 5. Nc3 g6 6. d4 cxd4 7. Bxd7+ Qxd7 8. Qxd4 Nc6 9. Qd3 Bg7 10. 0-0 0-0 11. Bd2 Rac8 12. b3 Qd8 13. h3 Nd7 14. Rad1 Nde5 15. Qe3 Nxf3+ 16. Qxf3 Qa5 17. Qd3 a6 18. Rfe1 Ne5 19. Qe2 Nc6 20. Rc1 Qa3 21. Red1 Rfe8 22. h4 h5 23. Bg5 Bxc3 24. Rxc3 b5 25. g4 hxg4 26. Qxg4 Ne5 27. Qh3 bxc4 28. h5 Qb4 29. hxg6 Nxg6 30. Rdc1 Rc5 31. Qh6 cxb3 32. Rxc5 dxc5 33. axb3 Qxe4 34. Rxc5 Qg4+ 35. Kh2 Qf3 36. Be3 Rd8 37. Rh5 1-0